00961cam a2200229 i 4500020001700000082003000017100002600047245010300073260005500176300003500231490007200266500007200338526003700410650003900447650002300486650001300509700003300522710004700555942001200602999001900614952009800633 a9028605134 : a624.1762bENGcL-39, P-13 aSolnes, Julius94290210aEngineering seismology and earthquake engineering /cedited by Júlíus Sólnes.bJulius Solnes aLeiden :bNoordhoff International Pub. Co.,c1974. aviii, 315 p. :bill. ;c25 cm.1 aNATO advanced study institutes series. Series E, Applied sciences ; aHeld under the auspices of the Scientific Affairs Division of NATO. a0b0c0d624_176200000000000_ENG 0aBuildingsxEarthquake effects9701 0aEarthquakes942903 0aMCE93791 aSólnes, Júlíus,9429042 aNorth Atlantic Treaty Organization.942905 2ddccBK c546718d546718 00102ddc4070aMCEbMCEd2014-06-18l0o624.1762 ENGpMCE-41099r2014-06-18w2014-06-18yBK